Wheel of Time Characters by Death #2 - Statistics

General Stats
  • This quiz has been taken 66 times
  • The average score is 7 of 16
Answer Stats
Hint Answer % Correct
Aiel Clan Chief killed by Aviendha in Shayol Ghul Rhuarc
87%
Killed by Galadedrid Damodred in a duel Eamon Valda
84%
Killed by Dain Bornhald to save Perrin Aybara Jaret Byar
84%
Killed by Elza Penfell in the Battle near Shadar Logoth Osan'gar/Corlan Dashiva
76%
Killed by Shaidar Haran as punishment Graendal
58%
Seanchan High Lord killed by Rand al'Thor in a duel Turak Aladon
58%
Smothered with saidin along with her Warder Anaiya Carel
50%
Warder killed moments before Siuan Sanche was deposed Alric
42%
Killed by Lan in Far Madding Toram Riatin
39%
Black sister poisoned and killed by Careane Fransi Ispan Shefar
34%
Black sister struck by lightning caused by Windfinders Asne Zeramene
29%
Asha'man killed accidentally when Rand lost control of Callandor Jonan Adley
29%
Aiel Wise One killed by a Draghkar in Cold Rocks Hold Seana
24%
Aes Sedai of the Gray Ajah balefired by Demandred Kwamesa Taramasu
16%
Aes Sedai killed by Merean Redhill in Kandor Larelle Tarsi
16%
Accidentally killed by Alviarin Freidhan in Tel'aran'rhiod Talva
13%
No matching quizzes found
Score Distribution
Percent of People with Each Score
Percentile by Number Answered
Your Score History
You have not taken this quiz